000 00274nam a2200097Ia 4500
008 220204s9999 xx 000 0 und d
082 _a655.4(058)
_bNEW
245 0 _aNew India directory of publishers and booksellers
260 _aNew delhi
_bNew Book Soc of India
942 _cBK
999 _c20224
_d20224